ARRUPE JESUIT UNIVERSITY

CORONAVIRUS -STOP THE SPREAD - CLEAN,DISINFECT,COVER

The quotable spirit : (Record no. 129099)

MARC details
000 -LEADER
fixed length control field 01173pam a2200289 a 4500
001 - CONTROL NUMBER
control field 1633928
003 - CONTROL NUMBER IDENTIFIER
control field ARRUPE
005 - DATE AND TIME OF LATEST TRANSACTION
control field 20190222102338.0
008 - FIXED-LENGTH DATA ELEMENTS--GENERAL INFORMATION
fixed length control field 960307s1996 nyu 001 0 eng
010 ## - LIBRARY OF CONGRESS CONTROL NUMBER
LC control number 96013514
020 ## - INTERNATIONAL STANDARD BOOK NUMBER
International Standard Book Number 002861206X
040 ## - CATALOGING SOURCE
Original cataloging agency DLC
Transcribing agency DLC
Modifying agency DLC
050 00 - LIBRARY OF CONGRESS CALL NUMBER
Classification number BL48
Item number .Q48 1996
082 00 - DEWEY DECIMAL CLASSIFICATION NUMBER
Classification number 291.4
Edition number 20
300 ## - PHYSICAL DESCRIPTION
Dimensions 25 cm.
245 04 - TITLE STATEMENT
Title The quotable spirit :
Remainder of title a treasury of religious and spiritual quotations from ancient times to the twentieth century /
Statement of responsibility, etc compiled and edited by Peter Lorie and Manuela Dunn Mascetti.
260 ## - PUBLICATION, DISTRIBUTION, ETC. (IMPRINT)
Place of publication, distribution, etc New York, NY :
Name of publisher, distributor, etc Macmillan USA,
Date of publication, distribution, etc c1996.
300 ## - PHYSICAL DESCRIPTION
Extent xvi, 367 p. ;
500 ## - GENERAL NOTE
General note Includes indexes.
650 #0 - SUBJECT ADDED ENTRY--TOPICAL TERM
Topical term or geographic name as entry element Religion
General subdivision Quotations, maxims, etc.
9 (RLIN) 44880
650 #0 - SUBJECT ADDED ENTRY--TOPICAL TERM
Topical term or geographic name as entry element Religions
General subdivision Quotations, maxims, etc.
9 (RLIN) 44881
650 #0 - SUBJECT ADDED ENTRY--TOPICAL TERM
Topical term or geographic name as entry element Spiritual life
General subdivision Quotations, maxims, etc.
9 (RLIN) 44882
700 1# - ADDED ENTRY--PERSONAL NAME
Personal name Lorie, Peter.
9 (RLIN) 44883
700 2# - ADDED ENTRY--PERSONAL NAME
Personal name Dunn-Mascetti, Manuela.
9 (RLIN) 44884
906 ## - LOCAL DATA ELEMENT F, LDF (RLIN)
a 7
b cbc
c orignew
d 1
e ocip
f 19
g y-gencatlg
942 ## - ADDED ENTRY ELEMENTS (KOHA)
Source of classification or shelving scheme Library of Congress Classification
Koha item type Monograph ( Printed materials)
Holdings
Withdrawn status Lost status Source of classification or shelving scheme Damaged status Not for loan Collection code Home library Current library Shelving location Date acquired Total Checkouts Full call number Barcode Date last seen Price effective from Koha item type
    Library of Congress Classification     Main Collection ARRUPE LIBRARY ARRUPE LIBRARY Main Collection 22/02/2019   BL48 .Q48 1996 46600003954 22/02/2019 22/02/2019 Monograph ( Printed materials)

 

Arrupe Library. PO Box MP320 Mt Pleasant, Harare, Zimbabwe
263 242 745411|librarian@aju.ac.zw